INFLUENCE OF MARKETING PRACTICES IN ACCESS TO LIBRARARY AND INFORMATION SERVICES AT KISII UNIVERSITY LIBRARY (Record no. 216048)

MARC details
000 -LEADER
fixed length control field 00468nam a22001457a 4500
008 - FIXED-LENGTH DATA ELEMENTS--GENERAL INFORMATION
fixed length control field 250825b |||||||| |||| 00| 0 eng d
100 ## - MAIN ENTRY--PERSONAL NAME
Personal name NYAMETI EZEKIEL MOENGA
245 ## - TITLE STATEMENT
Title INFLUENCE OF MARKETING PRACTICES IN ACCESS TO LIBRARARY AND INFORMATION SERVICES AT KISII UNIVERSITY LIBRARY
260 ## - PUBLICATION, DISTRIBUTION, ETC.
Place of publication, distribution, etc. KISII
Name of publisher, distributor, etc. KISII UNIVERSITY
Date of publication, distribution, etc. 2019
300 ## - PHYSICAL DESCRIPTION
Extent XIV, 133P.
500 ## - GENERAL NOTE
General note INCLUDES AN INDEX
650 ## - SUBJECT ADDED ENTRY
Topical term or geographic name entry element LIBRARY PLANNING
942 ## - ADDED ENTRY ELEMENTS (KOHA)
Source of classification or shelving scheme Library of Congress Classification
Koha item type Reference
Holdings
Withdrawn status Lost status Source of classification or shelving scheme Damaged status Not for loan Collection Home library Current library Shelving location Date acquired Inventory number Total checkouts Full call number Barcode Date last seen Copy number Price effective from Koha item type
    Library of Congress Classification     Science & Technology Kisii University Library Kisii University Library On Display 08/25/2025 107998   THE Z 678 .N93 2019 000000024469 08/25/2025 C.1 08/25/2025 Reference